Normal view
MARC view
- Metabolisms
Entry Topical Term
001 - CONTROL NUMBER
- control field: 5043
003 - CONTROL NUMBER IDENTIFIER
- control field: OSt
005 - DATE AND TIME OF LATEST TRANSACTION
- control field: 20210915102706.0
008 - FIXED-LENGTH DATA ELEMENTS
- fixed length control field: 210915|| aca||aabn | a|a d
040 ## - CATALOGING SOURCE
- Original cataloging agency: OSt
- Transcribing agency: OSt
150 ## - HEADING--TOPICAL TERM
- Topical term or geographic name as entry element: Metabolisms
670 ## - SOURCE DATA FOUND
- Source citation: Work cat.: (OSt)7352: Pandey, S N . 5036, Plant physiology / , 1986.
